Online
Catalog

Memoria de los orígenes : economía y sociedad en Barinas, 1786-1937 / (Record no. 13852)

MARC details
000 -CABECERA
campo de control de longitud fija 00871cam a2200265 a 4500
001 - NÚMERO DE CONTROL
campo de control 000014255
003 - IDENTIFICADOR DEL NÚMERO DE CONTROL
campo de control DO-SdBNP
005 - FECHA Y HORA DE LA ÚLTIMA TRANSACCIÓN
campo de control 20251028134445.0
008 - DATOS DE LONGITUD FIJA--INFORMACIÓN GENERAL
campo de control de longitud fija 901226s1990 ve a b 000 0 spa
020 ## - NÚMERO INTERNACIONAL ESTÁNDAR DEL LIBRO
Número Internacional Estándar del Libro 980614967X
035 ## - NÚMERO DE CONTROL DEL SISTEMA
Número de control de sistema (DLC) 90231190
040 ## - FUENTE DE LA CATALOGACIÓN
Centro catalogador/agencia de origen DO-SdBNP
Centro/agencia transcriptor DLC
049 ## - FONDOS LOCALES (OCLC)
Fondos de biblioteca BNGR
050 00 - SIGNATURA TOPOGRÁFICA DE LA BIBLIOTECA DEL CONGRESO
Número de clasificación F2331.B3
Número de documento/Ítem C37 1990
082 ## - NÚMERO DE LA CLASIFICACIÓN DECIMAL DEWEY
Número de clasificación NN
Número de documento/Ítem C322m
100 1# - ENTRADA PRINCIPAL--NOMBRE DE PERSONA
Nombre de persona Cartay Angulo, Rafael,
Fechas asociadas al nombre 1941-
9 (RLIN) 32188
245 10 - MENCIÓN DE TÍTULO
Título Memoria de los orígenes : economía y sociedad en Barinas, 1786-1937 /
Mención de responsabilidad, etc. Rafael Cartay.
260 ## - PUBLICACIÓN, DISTRIBUCIÓN, ETC.
Lugar de publicación, distribución, etc. Caracas :
Nombre del editor, distribuidor, etc. Academia Nacional de Ciencias Económicas,
Fecha de publicación, distribución, etc. c1990.
300 ## - DESCRIPCIÓN FÍSICA
Extensión 295 p. :
Otras características físicas il. ;
Dimensiones 21 cm.
504 ## - NOTA DE BIBLIOGRAFÍA, ETC.
Nota de bibliografía, etc. Bibliografía: (p. 279-295).
651 #4 - PUNTO DE ACCESO ADICIONAL DE MATERIA--NOMBRE GEOGRÁFICO
Nombre geográfico Barinas Venezuela : State
Subdivisión general History.
9 (RLIN) 32189
651 #4 - PUNTO DE ACCESO ADICIONAL DE MATERIA--NOMBRE GEOGRÁFICO
Nombre geográfico Barinas Venezuela : State
Subdivisión general Economic conditions.
9 (RLIN) 32190
910 ## - DATOS DE OPCIÓN DEL USUARIO (OCLC)
Datos de opción del usuario Catalogación por copia / LC
942 ## - ELEMENTOS DE PUNTO DE ACCESO ADICIONAL (KOHA)
Fuente del sistema de clasificación o colocación Dewey Decimal Classification
Tipo de ítem Koha Libro
Holdings
Estado de retiro Estado de pérdida Restricciones de uso No para préstamo Código de colección Localización permanente Ubicación/localización actual Ubicación en estantería Fecha de adquisición Número de inventario Total de préstamos Signatura topográfica completa Código de barras Fecha visto por última vez Precio válido a partir de Tipo de ítem Koha
    Préstamo interno   Monografías: Libros y Folletos General General En catalogación 08.12.2009 LF1   NN C322m 14255-10 25.06.2020 25.06.2020 Préstamo interno

Powered by Koha